| 000 | 00580nam a22002292i 4500 | ||
|---|---|---|---|
| 999 |
_c8233 _d8233 |
||
| 001 | 8233 | ||
| 003 | UkOxU | ||
| 005 | 20180220094358.0 | ||
| 008 | 500101s1959 xxk j 000 0 eng d | ||
| 035 | _aOCLC ocm30252978 from D941109M | ||
| 040 |
_aUKM _cUKM _dEQO |
||
| 041 | _aeng | ||
| 082 |
_a823.91 _bMEU 1959 |
||
| 082 |
_aJ _218 |
||
| 100 | 1 |
_aMaurice, John, _d1905- |
|
| 245 | 1 | 0 |
_aDouble Matthew Walker / _cillustrated by Robert Johnstone |
| 260 |
_aBlackie, _c1959 |
||
| 300 |
_a223 p. : _bill. ; _c20 cm. |
||
| 650 | _aEnglish fiction | ||
| 942 |
_2ddc _cBK |
||